Responses for show #7508 - Wednesday, April 12, 2017

Contestants

Jane Joseph, a bond analyst from Wilmington, Delaware

Trevor Mahoney, an actuary from Louisville, Kentucky

Greg Chin, a direct service provider from New York, New York (whose 2-day cash winnings total $37,599)

Jeopardy! Round responses

BACK TO SCHOOL WITH POLITICIANS
HOW DO YOU...
(Alex: You'll phrase each correct response beginning that way.)
TRUE STORY
STATE THE NATIONAL MONUMENT
HERE WE "AR"
HAPPY 70th, DAVID LETTERMAN
    $200 27
Gore

Greg
    $200 9
how do you scale Mount Everest

Greg
    $200 25
Lizzie

Trevor
    $200 26
Virginia

Trevor
    $200 23
a yarn

Trevor
    $400 8
Bernie Sanders

Jane
    $400 7
(Alex: From Lord of the Rings.)

how to destroy the One Ring

Greg
    $400 6
the Andes

Jane
    $400 17
California

Trevor
    $400 1
tartare

Trevor
    $400 19
McDonald's

Greg
    $600 20
Bobby Jindal

Trevor
    $1,000 5
(Greg: Um...)

How do you make beef Wellington?

Greg
    $600 10
Amanda Knox

Trevor
    $600 13
(Greg: What is Wyoming?)

Montana

GregTrevor
    $600 2
czar

Trevor
    $600 24
Bill Murray

Greg
    $800 21
Elizabeth Warren

Triple Stumper
    $800 12
walk like an Egyptian

Trevor
    $800 11
Charley

Jane
    $800 14
(Trevor: What is Indiana?)

New Mexico

Trevor
Triple Stumper
    $800 3
(Trevor: What is a watermarker?)

a watermark

TrevorJane
    $800 22
(Alex: And we have less than a minute now.)

Blagojevich

Greg
    $1000 28
(Jane: Who is Jimmy Carter?)
...
[The end-of-round signal sounds.]

Newt Gingrich

Jane
Triple Stumper
    $1000 18
(Greg: What is how do you compete in the uneven bars?)

how do you throw the discus

Greg
Triple Stumper
    $1000 15
The Snow Leopard

Triple Stumper
    $1000 16
Arizona

Jane
    $1000 4
vicar

Greg

Scores at the first commercial break (after clue 15):

Greg Trevor Jane
$0 $1,400 $2,400

Scores at the end of the Jeopardy! Round:

Greg Trevor Jane
$1,000 $3,000 $2,400

Double Jeopardy! Round responses

DAVE'S NOT HERE, MAN
BIOLOGY
WE SALUTE YOU
SHAKESPEARE IS KILLING ME!
PUPPETS
FEELING SHEEPISH
    $400 26
(Alex: Less than a minute now.)

(Davy) Crockett

Trevor
    $400 20
amino acids

Trevor
    $400 16
Bloomberg

Greg
    $400 10
drowning

Greg
    $400 29
Kermit the Frog

Greg
    $400 30
the good shepherd

Trevor
    $800 13
(David) Cameron

Trevor
    $800 7
melanin

Triple Stumper
    $800 8
the United Way

Jane
    $800 4
a knife to the heart (or stabbing)

Greg
    $800 18
Being John Malkovich

Triple Stumper
    $800 25
the wool

Greg
    $1200 14
(David) Petraeus

Greg
    $1200 6
phylum

Trevor
    $1200 5
St. Jude

Trevor
    $2,000 3
(Alex: You got very specific. Okay. Smothering would've been enough.)

smothering with a pillow

Jane
    $1200 1
Tom Bergeron

Trevor
    $1200 12
a sheepskin

Greg
    $1600 19
(David) Souter

Greg
    $1600 21
(Trevor: What is meiosis?)

mitosis

GregTrevor
    $1,000 24
Habitat for Humanity

Greg
    $1600 2
(Greg: What is drowning?)

hanging

GregJane
    $1600 11
Team America

Trevor
    $1600 17
a sheepshead

Greg
    $2000 23
(Dave) Sedaris

Greg
    $2000 28
the amniotic sac

Greg
    $2000 27
Americares

Triple Stumper
    $2000 9
a pie

Jane
    $2000 15
Mystery Science Theater 3000

Triple Stumper
    $2000 22
flock

Triple Stumper

Scores at the end of the Double Jeopardy! Round:

Greg Trevor Jane
$14,400 $8,600 $8,800

[wagering suggestions for these scores]

Final Jeopardy! Round responses

SCARY MOVIES
(Alex: You have many choices here, but if you paid close attention to the clue as you looked at it, you would've seen 06/06/2006. And those numbers are important.)
...
(Alex: [To Jane] About Damien. The three 6's on his head.)
TrevorWhat is the Exorcist?
$2,600
JaneWhat is The Omen?
$8,602
GregWhat is the Texas Chainsaw Massacre?
$3,201
The Omen

Final scores:

Greg Trevor Jane
$11,199 $6,000 $17,402
2nd place: $2,000 3rd place: $1,000 New champion: $17,402

Game dynamics:

Coryat scores:

Greg Trevor Jane
$16,000 $8,600 $8,000
20 R
(including 1 DD),
4 W
(including 1 DD)
18 R,
3 W
9 R
(including 1 DD),
1 W

Combined Coryat: $32,600

The J! Archive is created by fans, for fans. The Jeopardy! game show and all elements thereof, including but not limited to copyright and trademark thereto, are the property of Jeopardy Productions, Inc. and are protected under law. This website is not affiliated with, sponsored by, or operated by Jeopardy Productions, Inc. Join the discussion at JBoard.tv.